UBT Library

Fixing the spy machine : (Record no. 44476)

000 -LEADER
fixed length control field 00948cam a22002774a 4500
001 - CONTROL NUMBER
control field 4522866
005 - DATE AND TIME OF LATEST TRANSACTION
control field 20180308073701.0
008 - FIXED-LENGTH DATA ELEMENTS--GENERAL INFORMATION
fixed length control field 990618s1999 ctu b 001 0 eng
010 ## - LIBRARY OF CONGRESS CONTROL NUMBER
LC control number 99037523
020 ## - INTERNATIONAL STANDARD BOOK NUMBER
International Standard Book Number 0275966526 (alk. paper)
020 ## - INTERNATIONAL STANDARD BOOK NUMBER
International Standard Book Number 0275966534 (pbk. : alk. paper)
040 ## - CATALOGING SOURCE
Original cataloging agency DLC
Transcribing agency DLC
Modifying agency DLC
041 ## - LANGUAGE CODE
Language code of text/sound track or separate title eng
042 ## - AUTHENTICATION CODE
Authentication code pcc
043 ## - GEOGRAPHIC AREA CODE
Geographic area code n-us---
080 ## - UNIVERSAL DECIMAL CLASSIFICATION NUMBER
Universal Decimal Classification number 327.1273 art
082 00 - DEWEY DECIMAL CLASSIFICATION NUMBER
Classification number 327.1273 art
Edition number 21
100 1# - Rafti
Rafti 23
101 ## - Shkurtesa
Shkurtesa pol
245 10 - TITLE STATEMENT
Title Fixing the spy machine :
Statement of responsibility, etc Arthur S. Hulnick ; foreword by Richard R. Valcourt.
504 ## - BIBLIOGRAPHY, ETC. NOTE
Bibliography, etc Includes bibliographical references (p. [209]-215) and index.
906 ## - LOCAL DATA ELEMENT F, LDF (RLIN)
a 7
b cbc
c orignew
d 1
e ocip
f 19
g y-gencatlg
942 ## - ADDED ENTRY ELEMENTS (KOHA)
Source of classification or shelving scheme
Item type Books
Holdings
Withdrawn status Lost status Source of classification or shelving scheme Damaged status Not for loan Collection code Permanent location Current location Shelving location Date acquired Total Checkouts Full call number Barcode Date last seen Price effective from Koha item type
          Koleksioni i përgjithshem UBT - Lipjan UBT - Lipjan Koleksioni i përgjithshem 03/08/2018   327.1273 art 002-3001341 03/08/2018 03/08/2018 Books
UBT Library © 2015-2024. All rights reserved University Education for Business and Technology